| 000 | 00535nam a22001577a 4500 | ||
|---|---|---|---|
| 003 | macl | ||
| 005 | 20211224131025.0 | ||
| 008 | 210919b |||||||| |||| 00| 0 eng d | ||
| 040 | _cmacl | ||
| 082 | _a800/SIN | ||
| 100 |
_aसिंह,उमेश कुमार _981083 |
||
| 245 | _aवृद:नीति सतसई समाज संस्कृति | ||
| 260 |
_aदिल्ली _bआशुतोष प्रकाशन _c2007 |
||
| 650 |
_aकाव्य समीक्षा _948818 |
||
| 942 |
_2ddc _cHIN |
||
| 999 |
_c64322 _d64322 |
||